[Event "World Teams"]
[Site "Yerevan ARM"]
[Date "2001.10.12"]
[Round "1"]
[White "Akopian,V"]
[Black "Ghaem Maghami,E"]
[Result "1-0"]
[WhiteElo "2660"]
[BlackElo "2513"]
[EventDate "2001.10.12"]

1. Nf3 Nf6 2. c4 e6 3. g3 d5 4. Bg2 Be7 5. O-O O-O 6. d4 dxc4 7. Qc2 a6 8.
a4 Bd7 9. Qxc4 Bc6 10. Bg5 Bd5 11. Qd3 Be4 12. Qe3 Nbd7 13. Nc3 Bc6 14. Qd3
Rb8 15. Qc2 b5 16. axb5 axb5 17. Ne5 Bxg2 18. Kxg2 Nxe5 19. dxe5 Nd5 20.
Bxe7 Qxe7 21. Ne4 b4 22. Rfc1 b3 23. Qc5 Qd7 24. Qc6 Qe7 25. h4 h6 26. Ra7
Qb4 27. Qc4 Rfd8 28. Qxb4 Rxb4 29. Nc5 Rd4 30. Nd3 Rb8 31. h5 g6 32. hxg6
fxg6 33. Rc6 Rb6 34. Raxc7 Rxc6 35. Rxc6 Kf7 36. Rd6 g5 37. Rd7+ Kg6 38.
Rb7 Rc4 39. Rxb3 Rc2 40. Kf1 h5 41. e4 Ne7 42. Rc3 Rxc3 43. bxc3 h4 44.
gxh4 gxh4 45. Kg2 1-0

[Event "World Teams"]
[Site "Yerevan ARM"]
[Date "2001.10.12"]
[Round "1"]
[White "Anastasian,A"]
[Black "Ghorbani,M"]
[Result "1-0"]
[WhiteElo "2588"]
[BlackElo "2323"]
[EventDate "2001.10.12"]

1. Nf3 Nf6 2. c4 e6 3. g3 d5 4. Bg2 Be7 5. O-O O-O 6. d4 Nbd7 7. Qc2 c6 8.
Rd1 b6 9. b3 Bb7 10. Nc3 Rc8 11. e4 Bb4 12. e5 Bxc3 13. Qxc3 Ne4 14. Qe1 f5
15. exf6 Qxf6 16. Be3 c5 17. Rac1 Rf7 18. h4 h6 19. Nd2 Nd6 20. Bf4 Nf5 21.
cxd5 exd5 22. Nf3 Rcf8 23. dxc5 bxc5 24. Ne5 Nxh4 25. gxh4 Re8 26. Nxf7
Rxe1+ 27. Rxe1 Qxf7 28. Bd6 Qg6 29. Bg3 Bc6 30. Bh3 Qh5 31. Re7 Nf6 32.
Rxc5 Be8 33. Rcc7 d4 34. Rxg7+ Kh8 35. Bg4 Qa5 36. Rge7 Qb6 37. Be5 1-0

[Event "World Teams"]
[Site "Yerevan ARM"]
[Date "2001.10.12"]
[Round "1"]
[White "Darban,M"]
[Black "Minasian,Art"]
[Result "0-1"]
[WhiteElo "2270"]
[BlackElo "2581"]
[EventDate "2001.10.12"]

1. Nf3 g6 2. g3 Bg7 3. Bg2 c5 4. O-O Nc6 5. d3 d5 6. Nbd2 e5 7. e4 d4 8. a4
Be6 9. Nc4 h5 10. Ng5 Bxc4 11. dxc4 h4 12. f4 hxg3 13. hxg3 Bh6 14. Qg4
Bxg5 15. fxg5 Qc8 16. Qf3 Qe6 17. b3 Nb4 18. Rf2 Rd8 19. Ba3 Rd7 20. Rd1 b6
21. Bf1 f6 22. Bxb4 cxb4 23. c5 Rdh7 24. Bg2 bxc5 25. gxf6 Rf7 26. Qd3 a6
27. Bf1 Nxf6 28. Rdd2 Rfh7 29. Rh2 Rxh2 30. Rxh2 Rxh2 31. Kxh2 Ng4+ 32. Kg1
Qf6 33. Qe2 Qg5 34. Qxa6 Qe3+ 35. Kh1 Qh6+ 36. Kg2 Qh2+ 37. Kf3 Qh1+ 38.
Bg2 Qd1+ 39. Qe2 Qxe2+ 40. Kxe2 Ne3 41. Bh3 Nxc2 42. Be6 Kd8 43. a5 Kc7 44.
Bc4 Kb7 45. Bd3 Ne3 46. Bb5 g5 47. Kd2 Ng4 48. Ke2 Kc7 49. Bd3 Kc6 50. Ba6
Ne3 51. Bd3 Ng4 52. Ba6 Kc7 53. Bd3 Kb7 54. Bb5 Ne3 55. Kd2 Ka7 56. Ke2 c4
57. bxc4 b3 58. c5 b2 59. Bd3 Nc4 60. a6 Na3 61. c6 Kb6 0-1

[Event "World Teams"]
[Site "Yerevan ARM"]
[Date "2001.10.12"]
[Round "1"]
[White "Svidler,P"]
[Black "Leko,P"]
[Result "1-0"]
[WhiteElo "2686"]
[BlackElo "2739"]
[EventDate "2001.10.12"]

1. e4 c5 2. Nf3 e6 3. d4 cxd4 4. Nxd4 Nf6 5. Nc3 Nc6 6. Nxc6 bxc6 7. e5 Nd5
8. Ne4 Qc7 9. f4 Qb6 10. c4 Bb4+ 11. Ke2 f5 12. exf6 Nxf6 13. Be3 Qd8 14.
Nd6+ Bxd6 15. Qxd6 Bb7 16. Kd1 Qe7 17. Qxe7+ Kxe7 18. Be2 a5 19. Kc2 d5 20.
b3 Rhc8 21. Bf3 c5 22. Rhe1 a4 23. g4 Kd6 24. f5 axb3+ 25. axb3 Rxa1 26.
Rxa1 exf5 27. Bf4+ Ke6 28. g5 Ne4 29. Ra7 Bc6 30. Rxg7 dxc4 31. bxc4 Rd8
32. Rxh7 Nf6 33. Rh6 Bxf3 34. Rxf6+ Ke7 35. Be3 Be4+ 36. Kb2 Rc8 37. Kc3
Rc6 38. Rxc6 Bxc6 39. Bxc5+ Ke6 40. Bf2 f4 41. Kd4 Bg2 42. h4 Bf3 43. c5
Kf5 44. Kc4 Bc6 45. Kb4 Be8 46. Ka5 Ke6 47. Kb6 Kd5 48. Bg1 1-0

[Event "World Teams"]
[Site "Yerevan ARM"]
[Date "2001.10.12"]
[Round "1"]
[White "Rublevsky,S"]
[Black "Varga,Zo"]
[Result "1-0"]
[WhiteElo "2634"]
[BlackElo "2506"]
[EventDate "2001.10.12"]

1. e4 Nf6 2. e5 Nd5 3. d4 c6 4. Nf3 d6 5. Be2 dxe5 6. dxe5 h6 7. O-O g5 8.
h4 g4 9. Nd4 h5 10. e6 Bxe6 11. Nxe6 fxe6 12. Bd3 Qd6 13. c4 Nc7 14. Bf4
Qxf4 15. Bg6+ Qf7 16. Bxf7+ Kxf7 17. f3 g3 18. Qd4 Kg8 19. Qe5 Nba6 20.
Qxg3+ Bg7 21. Nc3 Kf7 22. Qf4+ Ke8 23. Rad1 Rc8 24. Qg5 Kf7 25. Ne4 1-0

[Event "World Teams"]
[Site "Yerevan ARM"]
[Date "2001.10.12"]
[Round "1"]
[White "Jussupow,A"]
[Black "Ivanchuk,V"]
[Result "1/2-1/2"]
[WhiteElo "2633"]
[BlackElo "2731"]
[EventDate "2001.10.12"]

1. d4 Nf6 2. c4 g6 3. Nc3 Bg7 4. e4 d6 5. f3 O-O 6. Bg5 a6 7. Rc1 Nbd7 8.
Qd2 c5 9. d5 b5 10. b3 Qa5 11. Nh3 Ne5 12. Nf2 Rb8 13. Be2 bxc4 14. bxc4
Rb4 15. Ncd1 h6 16. Be3 Qa4 17. O-O Nh7 18. Nd3 1/2-1/2

[Event "World Teams"]
[Site "Yerevan ARM"]
[Date "2001.10.12"]
[Round "1"]
[White "Romanishin,O"]
[Black "Luther,T"]
[Result "1/2-1/2"]
[WhiteElo "2575"]
[BlackElo "2604"]
[EventDate "2001.10.12"]

1. d4 e6 2. g3 d5 3. Bg2 b5 4. c3 Nf6 5. Qb3 Ba6 6. a4 b4 7. a5 Nc6 8. Bg5
Rb8 9. Qc2 Be7 10. Bxf6 Bxf6 11. Nf3 O-O 12. O-O e5 13. dxe5 Nxe5 14. Nxe5
Bxe5 15. Rd1 c6 16. e4 d4 17. c4 1/2-1/2

[Event "World Teams"]
[Site "Yerevan ARM"]
[Date "2001.10.12"]
[Round "1"]
[White "Arencibia,W"]
[Black "Iuldachev,S"]
[Result "1/2-1/2"]
[WhiteElo "2533"]
[BlackElo "2523"]
[EventDate "2001.10.12"]

1. d4 Nf6 2. c4 d6 3. Nc3 Nbd7 4. e4 e5 5. Nf3 Be7 6. Be2 O-O 7. O-O c6 8.
Qc2 a6 9. Rd1 Qc7 10. Rb1 Re8 11. dxe5 dxe5 12. b4 a5 13. a3 axb4 14. axb4
Nf8 15. h3 Ng6 16. c5 Nh5 17. Bc4 Nhf4 18. Na4 Be6 19. Nb6 Rad8 20. Bb2
Rxd1+ 21. Rxd1 Rd8 22. Rxd8+ Bxd8 23. Qd2 f6 24. Bc1 Nf8 25. Bxe6+ N4xe6
26. Qa2 Qf7 27. Nc4 Nc7 28. Qc2 Nb5 29. Be3 Bc7 30. Qd3 Qd7 31. Qxd7 Nxd7
32. Ne1 Kf7 33. Nd3 1/2-1/2

[Event "World Teams"]
[Site "Yerevan ARM"]
[Date "2001.10.13"]
[Round "2"]
[White "Ivanchuk,V"]
[Black "Dominguez,L"]
[Result "1/2-1/2"]
[WhiteElo "2731"]
[BlackElo "2596"]
[EventDate "2001.10.12"]

1. c4 Nf6 2. Nc3 c6 3. e4 e5 4. Nf3 Qa5 5. d3 d5 6. cxd5 cxd5 7. Nxe5 Bb4
8. Bd2 dxe4 9. Nc4 Qc5 10. a3 Bxc3 11. Bxc3 exd3 12. Bxd3 O-O 13. O-O Nc6
14. Bxf6 gxf6 15. b4 Qg5 16. f4 Qh4 17. b5 Ne7 18. Qf3 Qg4 19. Qe4 Ng6 20.
Ne3 Qe6 21. Qd4 Kg7 22. Nf5+ Kg8 23. Ne3 Kg7 24. Rf3 Re8 25. Nf5+ Kf8 26.
Qc5+ Kg8 27. Re3 Qd7 28. Rae1 Rxe3 29. Qxe3 Qe6 30. Qf2 Qd7 31. Be4 Qc7 32.
g3 Bxf5 33. Bxf5 b6 34. Qe3 1/2-1/2

[Event "World Teams"]
[Site "Yerevan ARM"]
[Date "2001.10.13"]
[Round "2"]
[White "Vera,R"]
[Black "Ponomariov,R"]
[Result "1/2-1/2"]
[WhiteElo "2557"]
[BlackElo "2684"]
[EventDate "2001.10.12"]

1. Nf3 d5 2. d4 Nf6 3. c4 dxc4 4. e3 e6 5. Bxc4 a6 6. Qe2 c5 7. dxc5 Bxc5
8. O-O b5 9. Bd3 Nc6 10. Nbd2 Bb7 11. b3 O-O 12. Bb2 Nb4 13. Bb1 Nbd5 14.
Rc1 Rc8 15. a3 Qe7 16. b4 Bd6 17. Bd3 h6 1/2-1/2

[Event "World Teams"]
[Site "Yerevan ARM"]
[Date "2001.10.13"]
[Round "2"]
[White "Abreu,A"]
[Black "Eingorn,V"]
[Result "0-1"]
[WhiteElo "2493"]
[BlackElo "2601"]
[EventDate "2001.10.12"]

1. e4 c5 2. Nf3 a6 3. c3 e6 4. d4 d5 5. e5 Bd7 6. Nbd2 cxd4 7. Nxd4 Ne7 8.
f4 Nbc6 9. N4f3 Nf5 10. Bd3 d4 11. Ne4 dxc3 12. bxc3 Na5 13. O-O Bc6 14.
Qe2 h5 15. Be3 Nxe3 16. Qxe3 Bxe4 17. Bxe4 g6 18. Kh1 Qc7 19. Ng5 Be7 20.
Nxe6 fxe6 21. Bxg6+ Kd8 22. Rad1+ Kc8 23. Qh3 Kb8 24. Qxe6 Rd8 25. Rxd8+
Bxd8 26. Bxh5 Ka7 27. Bf3 Qxc3 28. Qd5 Bb6 29. f5 Rd8 30. Qe4 Rd3 31. e6
Re3 32. Qh4 Qd3 0-1

[Event "World Teams"]
[Site "Yerevan ARM"]
[Date "2001.10.13"]
[Round "2"]
[White "Leko,P"]
[Black "Jussupow,A"]
[Result "1/2-1/2"]
[WhiteElo "2739"]
[BlackElo "2633"]
[EventDate "2001.10.12"]

1. e4 e5 2. Bc4 Nf6 3. d3 c6 4. Nf3 Be7 5. O-O d6 6. Bb3 Bg4 7. Nbd2 Nbd7
8. c3 Nc5 9. Bc2 Ne6 10. Nc4 Bh5 11. Ne3 Ng5 12. Nf5 Nxf3+ 13. gxf3 O-O 14.
d4 Bg6 15. dxe5 dxe5 16. Qxd8 Bxd8 17. Nd6 b6 18. Rd1 Bc7 19. Bg5 Ne8 20.
Nxe8 Rfxe8 21. Rd7 Rac8 22. Be7 Bh5 23. Kg2 Bd8 24. Bxd8 Rcxd8 25. Rad1
Rxd7 26. Rxd7 Kf8 27. Bb3 Re7 28. Rd8+ Re8 29. Rd7 Re7 30. Rd8+ Re8 31. Rd6
c5 32. Rd5 f6 33. Ba4 Ra8 34. Bc6 1/2-1/2

[Event "World Teams"]
[Site "Yerevan ARM"]
[Date "2001.10.13"]
[Round "2"]
[White "Lutz,C"]
[Black "Gyimesi,Z"]
[Result "1/2-1/2"]
[WhiteElo "2643"]
[BlackElo "2605"]
[EventDate "2001.10.12"]

1. e4 e5 2. Nf3 Nc6 3. Bb5 a6 4. Ba4 Nf6 5. O-O Be7 6. Re1 b5 7. Bb3 d6 8.
c3 O-O 9. h3 Nb8 10. d4 Nbd7 11. Nbd2 Bb7 12. Bc2 Re8 13. Nf1 Bf8 14. Ng3
g6 15. a4 c5 16. d5 c4 17. Bg5 h6 18. Be3 Nc5 19. Qd2 h5 20. Bg5 Be7 21.
Ra3 Rb8 22. Qe3 Nh7 23. Bh6 Bf6 24. Rea1 Qe7 25. Ne2 Bc8 26. axb5 axb5 27.
Nc1 Bg7 28. Bxg7 Kxg7 29. b4 Nd7 30. Ne2 Qd8 31. Ra5 Ndf6 32. Nd2 Qe7 33.
Ng3 h4 34. Ne2 Nh5 35. Nf3 Qf6 36. Ra7 Re7 37. Rxe7 Qxe7 38. Ra7 Qd8 39.
Kf1 g5 40. Bd1 Kg6 41. Kg1 Kg7 42. Kh2 Kg6 43. Kh1 Qb6 44. Qxb6 1/2-1/2

[Event "World Teams"]
[Site "Yerevan ARM"]
[Date "2001.10.13"]
[Round "2"]
[White "Ruck,R"]
[Black "Graf,A"]
[Result "1/2-1/2"]
[WhiteElo "2582"]
[BlackElo "2610"]
[EventDate "2001.10.12"]

1. Nf3 d5 2. d4 Nf6 3. c4 e6 4. Nc3 c5 5. cxd5 Nxd5 6. e4 Nxc3 7. bxc3 cxd4
8. cxd4 Bb4+ 9. Bd2 Bxd2+ 10. Qxd2 O-O 11. Bc4 Nc6 12. O-O b6 13. Rad1 Na5
14. Bd3 Bb7 15. Rfe1 Qe7 16. Qf4 f6 17. d5 e5 18. Qd2 Rac8 19. Rc1 Rxc1 20.
Rxc1 Rc8 21. Rxc8+ Bxc8 22. Qc3 Bg4 23. Ba6 Qc5 24. Qxc5 bxc5 25. Nd2 Bd1
26. f3 Kf8 27. Kf2 Ke7 28. Ke3 Kd6 29. Bb5 Bc2 30. Nc4+ Nxc4+ 31. Bxc4 Ba4
32. Kd2 Bd7 33. Kc3 f5 34. Kd3 f4 35. Kc3 g5 36. Be2 Kc7 37. h3 Kb6 38. Bc4
h6 39. Be2 h5 40. Kb3 Bc8 41. Kc3 Bd7 1/2-1/2

[Event "World Teams"]
[Site "Yerevan ARM"]
[Date "2001.10.13"]
[Round "2"]
[White "Luther,T"]
[Black "Acs,P"]
[Result "1/2-1/2"]
[WhiteElo "2604"]
[BlackElo "2530"]
[EventDate "2001.10.12"]

1. e4 e5 2. Nf3 Nc6 3. Bb5 a6 4. Ba4 Nf6 5. O-O Be7 6. Re1 b5 7. Bb3 d6 8.
c3 O-O 9. h3 Nb8 10. d4 Nbd7 11. Nbd2 Bb7 12. Bc2 Re8 13. Nf1 Bf8 14. Ng3
g6 15. a4 c5 16. d5 c4 17. Bg5 h6 18. Be3 Nc5 19. Qd2 Kh7 20. Ra3 Nfd7 21.
Nh2 Bg7 22. Rea1 Qc7 23. Qc1 Nb6 24. axb5 axb5 25. Rxa8 Rxa8 26. Rxa8
1/2-1/2

[Event "World Teams"]
[Site "Yerevan ARM"]
[Date "2001.10.13"]
[Round "2"]
[White "Ghorbani,M"]
[Black "Sakaev,K"]
[Result "0-1"]
[WhiteElo "2323"]
[BlackElo "2639"]
[EventDate "2001.10.12"]

1. d4 Nf6 2. Nf3 e6 3. c4 b6 4. Nc3 Bb4 5. e3 Bb7 6. Bd3 Ne4 7. O-O Bxc3 8.
bxc3 O-O 9. Qc2 f5 10. Ne1 c5 11. f3 Nd6 12. Ba3 Qc7 13. Qe2 Ba6 14. Nc2
Nc6 15. e4 Na5 16. Ne3 f4 17. e5 fxe3 18. exd6 Qxd6 19. Qxe3 Bxc4 20. Rfd1
Bxd3 21. Qxd3 Rf7 22. Qe2 Qc6 23. dxc5 bxc5 24. Rab1 Nb7 25. Rd2 Re8 26.
Rdb2 d6 27. Rb5 h6 28. Bc1 Rc7 29. Bf4 e5 30. Bg3 Kh8 31. Qb2 Nd8 32. Qa3
Ne6 33. Ra5 Qd7 34. Rd1 Qe7 35. Qa4 Rd8 36. Rb5 Rcd7 37. Rdb1 g5 38. Re1
Nf4 39. h4 Kg7 40. Qe4 Qf7 41. hxg5 hxg5 42. Rb2 Qg6 43. Qc6 Qf7 44. Qe4
Re7 45. Qc2 Qg6 46. Qxg6+ Kxg6 47. Rb5 Kf5 48. Kf1 Rh8 49. Bxf4 gxf4 50.
Kf2 Rg7 51. Re2 Rh1 52. Rd2 Rc1 53. Rb3 d5 54. Rbb2 Rd7 55. Rb3 d4 56. cxd4
exd4 57. Rb5 d3 58. a4 Ke5 0-1

[Event "World Teams"]
[Site "Yerevan ARM"]
[Date "2001.10.13"]
[Round "2"]
[White "Motylev,A"]
[Black "Roghani,A"]
[Result "1-0"]
[WhiteElo "2641"]
[BlackElo "2276"]
[EventDate "2001.10.12"]

1. e4 e6 2. d4 d5 3. Nd2 c5 4. Ngf3 Nc6 5. exd5 exd5 6. Bb5 Bd6 7. dxc5
Bxc5 8. Nb3 Bd6 9. O-O Nge7 10. Re1 O-O 11. Bd3 h6 12. h3 Nf5 13. c3 Bc7
14. Bc2 Qd6 15. Qd3 g6 16. Qd1 h5 17. Bg5 Bd7 18. Qd2 Rae8 19. Rad1 Rxe1+
20. Rxe1 f6 21. Bxf5 Bxf5 22. Bh4 Bb6 23. Nfd4 Be4 24. f3 Bf5 25. Bf2 Qd7
26. Kf1 Nxd4 27. Bxd4 Bc7 28. g4 hxg4 29. hxg4 Be6 30. Nc5 Qb5+ 31. Qe2
Qxe2+ 32. Rxe2 Bc8 33. Ne6 Bxe6 34. Rxe6 Kg7 35. Bc5 Rf7 36. Bxa7 Be5 37.
Be3 Rd7 38. f4 Kf7 39. Rb6 Bd6 40. Kf2 f5 41. Kf3 Bf8 42. Bd4 Be7 43. gxf5
gxf5 44. a4 Bh4 45. b4 Bd8 46. Rh6 Be7 47. a5 Rd6 1-0

[Event "World Teams"]
[Site "Yerevan ARM"]
[Date "2001.10.13"]
[Round "2"]
[White "Mitkov,N"]
[Black "Akopian,V"]
[Result "0-1"]
[WhiteElo "2514"]
[BlackElo "2660"]
[EventDate "2001.10.12"]

1. e4 e5 2. Bc4 Nf6 3. d3 Nc6 4. Nc3 Na5 5. Nge2 Nxc4 6. dxc4 Bc5 7. Qd3 d6
8. Be3 Bxe3 9. Qxe3 Be6 10. b3 O-O 11. h3 a6 12. a4 Nd7 13. g4 h6 14. Ng3
Qg5 15. Qxg5 hxg5 16. f3 g6 17. h4 gxh4 18. Rxh4 Kg7 19. Kf2 Rh8 20. Rxh8
Rxh8 21. Rh1 Rxh1 22. Nxh1 f5 23. gxf5 gxf5 24. Ng3 f4 25. Nge2 c6 26. Nc1
a5 27. Nd3 Kf6 28. Nb1 b6 29. Nd2 Nb8 30. Nb1 Na6 31. Nc3 Bf7 32. Kg2 Nc7
33. Kf2 Ne6 34. Ne2 Bh5 35. Kg2 Ng5 36. Ng1 Ke6 37. Ne1 d5 38. cxd5+ cxd5
39. exd5+ Kxd5 40. Ne2 Bg6 41. Kf2 Ne6 42. Nc1 Kd4 43. Na2 Kc5 44. c3 Kd6
45. Nc1 Nc5 46. b4 axb4 47. cxb4 Nxa4 48. Nb3 Kd5 49. Nd2 Nc3 0-1

[Event "World Teams"]
[Site "Yerevan ARM"]
[Date "2001.10.13"]
[Round "2"]
[White "Bogdanovski,V"]
[Black "Lputian,S"]
[Result "0-1"]
[WhiteElo "2430"]
[BlackElo "2618"]
[EventDate "2001.10.12"]

1. Nf3 d5 2. d4 e6 3. c4 Nf6 4. g3 Be7 5. Bg2 O-O 6. O-O Nbd7 7. Qc2 c6 8.
b3 b6 9. Rd1 Ba6 10. Nbd2 Rc8 11. e4 Bb7 12. Bb2 Qc7 13. Rac1 Qb8 14. e5
Ne8 15. Nf1 Nc7 16. Ne3 Rfd8 17. cxd5 cxd5 18. Qb1 Ba6 19. h4 Qb7 20. a3
Bb5 21. Ng5 Nf8 22. Nh3 a5 23. a4 Be8 24. Qa1 Na6 25. Bf1 Nb4 26. Nf4 Nd7
27. Nd3 Nc6 28. Nc2 Ndb8 29. Ba3 Na6 30. Bxe7 Qxe7 31. Nde1 Nab8 32. Na3 f6
33. exf6 Qxf6 34. Nb5 Na6 35. Nd3 Nab4 36. Nf4 Bg6 37. Bh3 Bf5 38. Bxf5
Qxf5 39. Qb2 e5 40. dxe5 Nxe5 41. Qe2 Rxc1 42. Rxc1 d4 43. Rd1 d3 44. Qe3
Qg4 45. Nc3 Nf3+ 46. Kg2 Nxh4+ 47. Kf1 Nf3 48. Kg2 Ng5 49. Nxd3 Rf8 50. Nf4
h6 51. Rd2 Qc8 52. Ncd5 Nxd5 53. Rxd5 Qc6 54. Qd3 Qb7 55. Kg1 Qc6 56. Qg6
Qb7 57. Rxg5 hxg5 58. Ne6 Rc8 59. Kh2 Qf7 0-1

[Event "World Teams"]
[Site "Yerevan ARM"]
[Date "2001.10.13"]
[Round "2"]
[White "Anastasian,A"]
[Black "Stojanovski,D"]
[Result "1-0"]
[WhiteElo "2588"]
[BlackElo "2412"]
[EventDate "2001.10.12"]

1. Nf3 Nf6 2. d4 c5 3. d5 b5 4. Bg5 Ne4 5. Bh4 Bb7 6. Qd3 f5 7. Nbd2 c4 8.
Qd4 Na6 9. c3 Nxd2 10. Qxd2 Qb6 11. Nd4 g6 12. f3 Bg7 13. Bf2 Qa5 14. e4
fxe4 15. fxe4 O-O 16. Nf3 e6 17. Be2 exd5 18. exd5 b4 19. O-O bxc3 20. bxc3
Qxd5 21. Qxd5+ Bxd5 22. Rad1 Rae8 23. Rxd5 Rxe2 24. Rxd7 Rxa2 25. Rxa7 Bxc3
26. Rc1 Rxf2 27. Rxc3 Ra2 28. Rxc4 Nb4 29. Rd7 Na6 30. h4 Rf7 31. Rd6 Re7
32. Ng5 Nc7 33. Rxc7 1-0

[Event "World Teams"]
[Site "Yerevan ARM"]
[Date "2001.10.14"]
[Round "3"]
[White "Rublevsky,S"]
[Black "Jacimovic,D"]
[Result "1-0"]
[WhiteElo "2634"]
[BlackElo "2486"]
[EventDate "2001.10.12"]

1. e4 e6 2. d4 d5 3. Nd2 Nf6 4. Bd3 c5 5. e5 Nfd7 6. c3 Nc6 7. Ne2 cxd4 8.
cxd4 f6 9. exf6 Qxf6 10. O-O Bd6 11. Nf3 h6 12. Ng3 O-O 13. Bc2 Rd8 14. Re1
Nf8 15. Ne5 Bd7 16. f4 Be8 17. Be3 Rac8 18. Rc1 Rc7 19. Bb1 Rdc8 20. Rc2
Qh4 21. Rf2 Bxe5 22. dxe5 Ng6 23. f5 Ncxe5 24. fxg6 Ng4 25. Nf1 Nxf2 26.
Bxf2 Qg5 27. Rxe6 Rc1 28. Qe2 Qd8 29. Bd3 Bd7 30. Re7 Rxf1+ 31. Kxf1 Rc1+
32. Be1 Qf8+ 33. Rf7 Qd6 1-0

[Event "World Teams"]
[Site "Yerevan ARM"]
[Date "2001.10.14"]
[Round "3"]
[White "Stamenkov,V"]
[Black "Sakaev,K"]
[Result "0-1"]
[WhiteElo "2378"]
[BlackElo "2639"]
[EventDate "2001.10.12"]

1. d4 Nf6 2. Nf3 e6 3. c4 b6 4. g3 Ba6 5. b3 b5 6. cxb5 Bxb5 7. Bg2 Bc6 8.
O-O a5 9. Bg5 Be7 10. Nc3 O-O 11. Rc1 Na6 12. Bxf6 Bxf6 13. e4 Bb7 14. e5
Be7 15. d5 Ba3 16. Rc2 exd5 17. Nd4 c6 18. f4 Re8 19. Kh1 Bf8 20. Qg4 Nc5
21. h4 d6 22. h5 Qd7 23. Nf5 Kh8 24. Qg5 h6 25. Qg4 dxe5 26. fxe5 Rxe5 27.
Rcf2 Ba6 28. Rd1 Rae8 29. Kh2 Nd3 30. Rf3 Ne1 31. Rxe1 Rxe1 32. Qd4 R1e5
33. Bh3 Bc8 34. Qh4 Qc7 35. Rf2 Bxf5 36. Bxf5 Bd6 37. Rf3 Re3 38. Qg4 Rxf3
39. Qxf3 Bxg3+ 40. Kg2 Be5 41. Nd1 Bd4 42. Bd3 Qe7 43. Kh3 Kg8 44. a4 Qg5
45. Qf5 Qxf5+ 46. Bxf5 Re2 47. Nc3 Bxc3 0-1

[Event "World Teams"]
[Site "Yerevan ARM"]
[Date "2001.10.14"]
[Round "3"]
[White "Graf,A"]
[Black "Darban,M"]
[Result "1-0"]
[WhiteElo "2610"]
[BlackElo "2270"]
[EventDate "2001.10.12"]

1. d4 Nf6 2. c4 g6 3. Nc3 Bg7 4. e4 d6 5. f3 O-O 6. Be3 Nc6 7. Nge2 a6 8.
Rc1 Rb8 9. a3 e5 10. d5 Ne7 11. Ng3 Nd7 12. Be2 f5 13. Nf1 Kh8 14. Nd2 Ng8
15. b4 Bh6 16. Bf2 Qg5 17. g3 Qe7 18. Rc2 Ndf6 19. c5 fxe4 20. Ndxe4 Bh3
21. Bf1 Bd7 22. Bg2 Nxe4 23. fxe4 Nf6 24. h3 Rf7 25. O-O Nh5 26. Qd3 Qg5
27. c6 Bxh3 28. Ba7 Rxf1+ 29. Qxf1 Rg8 30. cxb7 Qxg3 31. Ne2 Be3+ 32. Bxe3
Bxg2 33. Nxg3 1-0

[Event "World Teams"]
[Site "Yerevan ARM"]
[Date "2001.10.14"]
[Round "3"]
[White "Roghani,A"]
[Black "Luther,T"]
[Result "0-1"]
[WhiteElo "2276"]
[BlackElo "2604"]
[EventDate "2001.10.12"]

1. d4 Nf6 2. c4 e6 3. Nf3 d5 4. Bg5 h6 5. Bxf6 Qxf6 6. Nc3 c6 7. e3 Nd7 8.
a3 g6 9. cxd5 exd5 10. Bd3 Bg7 11. O-O O-O 12. b4 Qd6 13. Qb3 Nf6 14. Rac1
a6 15. Ne5 Ng4 16. Nxg4 Bxg4 17. a4 Bd7 18. Ra1 h5 19. b5 a5 20. Rab1 h4
21. h3 Rfe8 22. Rfc1 Bf6 23. bxc6 bxc6 24. Qc2 Bd8 25. Rb7 Bc8 26. Rb3 Bc7
27. Ne2 Bd7 28. Kf1 Rab8 29. Rxb8 Rxb8 30. Ng1 Qa3 31. Bxg6 fxg6 32. Qxg6+
Kf8 33. Qh6+ Ke8 34. Qh8+ Kf7 35. Qh7+ Ke8 36. Qh8+ Qf8 37. Qh5+ Kd8 38.
Qxh4+ Kc8 39. Nf3 Rb4 40. e4 Qf4 41. Qxf4 Bxf4 42. Re1 Rxa4 43. e5 Rc4 44.
e6 Be8 45. g3 Bd6 46. g4 a4 47. h4 a3 48. Ra1 Bg6 49. h5 Bd3+ 50. Kg1 Rb4
51. Nd2 Rb2 0-1

[Event "World Teams"]
[Site "Yerevan ARM"]
[Date "2001.10.14"]
[Round "3"]
[White "Gyimesi,Z"]
[Black "Vera,R"]
[Result "1-0"]
[WhiteElo "2605"]
[BlackElo "2557"]
[EventDate "2001.10.12"]

1. d4 d5 2. c4 e6 3. Nf3 Nf6 4. Nc3 c6 5. Bg5 dxc4 6. e4 b5 7. a4 Bb7 8.
axb5 cxb5 9. Nxb5 Bxe4 10. Bxc4 Bb4+ 11. Nc3 Nbd7 12. O-O Bxc3 13. bxc3 O-O
14. Bd3 Qc7 15. c4 a5 16. Re1 Bxd3 17. Qxd3 Rfb8 18. Ra3 Rb7 19. Rea1 Rba7
20. h3 h6 21. Bxf6 Nxf6 22. Ra4 Nd7 23. Qc3 Ra6 24. c5 Nf6 25. Ne5 Nd5 26.
Qd2 Ne7 27. R1a3 Qd8 28. Rf3 f6 29. Nc4 Nc6 30. Nd6 Qd7 31. Rg3 Kh8 32. Qe2
R6a7 33. Kh2 Rb8 34. Re3 e5 35. dxe5 Nxe5 36. Rae4 Raa8 37. f4 Nc6 38. Qh5
a4 39. Rg3 Ra7 40. Nf5 Qf7 41. Qh4 Qf8 42. Re6 Nd8 43. Nxg7 Rxg7 44. Qxh6+
Kg8 45. Re8 Ne6 46. Rxg7+ Nxg7 47. Rxf8+ Rxf8 48. Qg6 Rc8 49. Qxf6 1-0

[Event "World Teams"]
[Site "Yerevan ARM"]
[Date "2001.10.14"]
[Round "3"]
[White "Arencibia,W"]
[Black "Ruck,R"]
[Result "1-0"]
[WhiteElo "2533"]
[BlackElo "2582"]
[EventDate "2001.10.12"]

1. b3 d5 2. Bb2 Bg4 3. g3 Nd7 4. Bg2 c6 5. Nf3 Ngf6 6. d3 e6 7. Nbd2 Be7 8.
O-O O-O 9. h3 Bh5 10. e4 a5 11. a4 Ne8 12. Qe1 Nc7 13. Nh2 Bg6 14. Qe2 f5
15. f4 Bf6 16. e5 Be7 17. d4 b5 18. c4 Nb6 19. c5 Nd7 20. Ra2 b4 21. Bc1
Kf7 22. Ndf3 Ke8 23. Kh1 Rh8 24. Be3 Nf8 25. Rg1 Kd7 26. Bf1 Kc8 27. Qd1
Ne8 28. Bd3 Ra7 29. g4 Qd7 30. Nf1 Bd8 31. Ng3 Qf7 32. Rh2 fxg4 33. hxg4
Bxd3 34. Qxd3 g6 35. Rh6 Ng7 36. Rf1 Qb7 37. f5 exf5 38. gxf5 Qa6 39. Qxa6+
Rxa6 40. Ng5 Bxg5 41. Bxg5 gxf5 42. Nxf5 Nxf5 43. Rxf5 Rg8 44. e6 Ra8 45.
e7 Ng6 46. Rxh7 Kd7 47. e8=Q+ Kxe8 48. Rf2 1-0

[Event "World Teams"]
[Site "Yerevan ARM"]
[Date "2001.10.14"]
[Round "3"]
[White "Kasimdzhanov,R"]
[Black "Ivanchuk,V"]
[Result "0-1"]
[WhiteElo "2706"]
[BlackElo "2731"]
[EventDate "2001.10.12"]

1. d4 Nf6 2. c4 e6 3. g3 c5 4. Nf3 cxd4 5. Nxd4 Qc7 6. Nd2 Bc5 7. N2b3 Be7
8. Bf4 e5 9. Nb5 Qc6 10. Bxe5 Qxh1 11. Nc7+ Kd8 12. Nxa8 Bb4+ 13. Nd2 Ne4
14. Bc3 Bxc3 15. bxc3 Re8 16. Nxe4 Qxe4 17. Qb3 Na6 18. O-O-O b6 19. Nxb6
axb6 20. Qxb6+ Nc7 21. e3 Qf3 22. Qb2 Re6 23. Bd3 Na6 24. c5 Nxc5 25. Bc4
Rf6 26. Qb4 d6 27. Rd2 Qh1+ 28. Rd1 Qc6 29. Bd5 Qa6 30. Bc4 Qa7 31. f4 Kc7
32. Rd4 Bb7 33. g4 Rh6 34. Qb2 Rh3 0-1

[Event "World Teams"]
[Site "Yerevan ARM"]
[Date "2001.10.14"]
[Round "3"]
[White "Ponomariov,R"]
[Black "Safin,S"]
[Result "1-0"]
[WhiteElo "2684"]
[BlackElo "2538"]
[EventDate "2001.10.12"]

1. e4 e5 2. Nf3 Nf6 3. Nxe5 d6 4. Nf3 Nxe4 5. d4 d5 6. Bd3 Bd6 7. O-O O-O
8. c4 c6 9. cxd5 cxd5 10. Nc3 Nxc3 11. bxc3 Bg4 12. Rb1 Nd7 13. h3 Bh5 14.
Rb5 Nb6 15. c4 Bxf3 16. Qxf3 dxc4 17. Bc2 Qd7 18. a4 Rfe8 19. Bf5 Qc7 20.
Be4 a6 21. Rg5 Rxe4 22. Qxe4 Nxa4 23. Re1 g6 24. h4 Nc3 25. Qf3 Na2 26. Ba3
Nb4 27. h5 Nd3 28. hxg6 hxg6 29. Bxd6 Qxd6 30. Re4 Rd8 31. Rg3 b5 32. Rh3
Kg7 33. Qe3 Qf6 34. Qh6+ Kg8 35. Qh7+ Kf8 36. Qh8+ Qxh8 37. Rxh8+ Kg7 38.
Rxd8 b4 39. d5 c3 40. Rc8 1-0

[Event "World Teams"]
[Site "Yerevan ARM"]
[Date "2001.10.14"]
[Round "3"]
[White "Vakhidov,T"]
[Black "Baklan,V"]
[Result "1/2-1/2"]
[WhiteElo "2506"]
[BlackElo "2590"]
[EventDate "2001.10.12"]

1. Nf3 Nf6 2. c4 g6 3. g3 Bg7 4. Bg2 O-O 5. O-O c6 6. d4 d6 7. Nc3 Qa5 8.
e4 e5 9. h3 Nbd7 10. Re1 exd4 11. Nxd4 Ne5 12. Bf1 Re8 13. Be3 c5 14. Nb3
Qb4 15. Bf4 Bd7 16. Bd2 Qb6 17. f4 Nc6 18. Bg2 a6 19. Be3 Qc7 20. Qd2 Rad8
21. Rad1 Qc8 22. Kh2 Be6 23. Qe2 b6 24. Rd2 Nb4 25. Qf1 b5 26. cxb5 Nxa2
27. Nxa2 Bxb3 28. Nc3 axb5 1/2-1/2